| 000 | 01018nam a2200265 a 4500 | ||
|---|---|---|---|
| 999 |
_c1498 _d1498 |
||
| 001 | 1081569 | ||
| 003 | CoMeUDC | ||
| 005 | 20220218161516.0 | ||
| 008 | 071129s2006 ck grf 00010dspa d | ||
| 015 | _ack-2006-xxxx | ||
| 020 | _a9583387452 | ||
| 040 |
_aCO-BoBLA _bspa _cCO-UdeC |
||
| 041 | 0 | _aspa | |
| 082 | 0 | 4 |
_a346.015 _bA473 |
| 100 |
_aÁlvarez Soto, Diego Luis _d1940-2004. _91973 |
||
| 245 | 1 | 0 |
_aManual de derecho de familia : _baspectos prácticos / _cDiego Luis Álvarez Soto. |
| 260 | 3 |
_aMedellín : _bSello Editorial Universidad de Medellín, _c2006. |
|
| 300 |
_a355 p. ; _c23 cm. |
||
| 504 | _aIncluye bibliografías. | ||
| 505 | _aLos esponsales -- El matrimonio -- Unión marital de hecho -- Estudio comparativo del matrimonio civil celebrado ante notario y ante juez -- Cuestionario práctico -- Casos relacionados con el derecho de familia | ||
| 546 | _aEspañol | ||
| 650 |
_aDerecho de familia _v Manuales. |
||
| 650 |
_aDerecho de familia _z Colombia _v Manuales. |
||
| 942 |
_2ddc _cBK |
||